29 - Né(es) - 29 janvier - Statistiques

Statistiques générales
  • Ce quiz a été pris 9 fois
  • Le résultat moyen est 4 sur 15
Statistiques - réponses
Hint Année de naissance Réponse % Correct
Réalisateur, scénariste, journaliste, concepteur et animateur d'émissions de télévision français. Scénariste du "Viager". Vu dans "Les Enfants de la télé". 1928 Pierre Tscherniakowsky|Pierre Tchernia
63%
Chanteur français notamment de "La Belle Vie" (1962). 1933 Sacha Distel
63%
Acteur américain surtout connu pour ses rôles dans les séries "Magnum", "Friends" et "True Bloobs". 1945 Tom Selleck
63%
Journaliste américaine. Devenue mogul des médias avec le show qui porte son nom. A joué dans "La Couleur pourpre". 1954 Oprah Winfrey
50%
Homme politique américain de 1897 à 1901. Assassiné le 14 septembre 1901. Le point culminant de l'Alaska porta longtemps son nom. 1843 William McKinley
38%
Écrivain russe, connu pour "Le Miroir déformant" (1883), "La Steppe" (1888), "La Mouette" (1896), "Oncle Vania" (1897), "La Dame au petit chien" (1899), "Les Trois Sœurs" (1901), "La Cerisaie" (1904). 1860 Anton Tchekhov
25%
Homme politique français, connu pour avoir été ministre du Budget, des Comptes publics, de la Fonction publique et de la Réforme de l'État. Il est député depuis 2010. 1956 Éric Woerth
13%
Chimiste, botaniste et homme politique français. Fondateur de la cytochimie. Un boulevard à Paris porte son nom. 1794 François-Vincent Raspail
13%
Actrice américaine, connue pour son rôle dans "Le Lauréat" avec Dustin Hoffman et "Butch Cassidy et le Kid". A remporté un Golden Globe pour son rôle dans "Le Voyage des damnés" en 1976. 1940 Katharine Ross
13%
Écrivain français, lauréat du prix Nobel de littérature de 1915. Auteur de "Jean-Christophe" (1904-1912) et "Au-dessus de la mêlée" (1915). 1866 Romain Rolland
13%
Écrivain français, normalien, connu pour "Un recteur de l'Île de Sein" et "Un royaume sous la mer" (Grand prix du roman de l'Académie française en 1958). A un fils écrivain. 1910 Henri Queffélec
0%
Président du Mali de 2013 à 2020. 1945 Ibrahim Boubacar Keïta|IBK
0%
Officier de l'armée britannique et administrateur colonial qui participa à plusieurs campagnes en Amérique lors de la guerre de Sept Ans. Une université américain porte son nom. 1717 Jeffery Amherst
0%
As de l'aviation allemande de la Première Guerre mondiale, crédité de huit victoires aériennes. 1894 Karl Meyer
0%
Humoriste de vaudeville, scénariste et acteur américain. Joua le rôle de M. Micawber dans "David Copperfield" (1935). 1880 W. C. Fields|William Claude Dukenfield
0%
Aucun quiz correspondant
Distribution des résultats
% des personnes avec chaque résultat
Percentile par nombre de réponses
Votre historique - résultats
Vous n’avez pas pris ce quiz